00764nam a2200229Ia 4500003000900000008004100009040001300050040001300063041000800076100001600084245013800100250001100238260001500249260000900264300001100273300001000284490001400294490000600308942000700314999001700321952019600338IT-RoPAU120407s9999 xx 000 0 und d aIT-RoPAU cIT-RoPAU aita aGuido Bosio aMartiri in Cina. Mons. Luigi Versiglia e Don Callisto Caravario, nei loro scritti e nelle testimonianze di coetanei. Profilo storico. aTorino aElle Di Ci c1977 a483 p. c24 cm aBiografie v3 cBK c35111d35111 00102ddc406922_11600000000000071aPAULUSbPAULUSd2012-04-11l0o922.116r2012-04-11 00:00:00w2012-04-11yBKzInserito da: Jole In data: 11 luglio 2011 fondo: Via A.Severo 56 Progr:25907